00574pab a2200181 454500008004000000100002200040245005800062260000900120300001600129362001100145650003500156650001300191700002200204773003400226909001000260999001700270952010500287180718b2004 xxu||||| |||| 00| 0 eng d aWettering, Dennis aRailway porters of Mumbai: social capital in practice c2004 ap.2243-261. a29 May aRailways - India - Maharashtra aRailways aNooteboom, Gerben aEconomic and Political Weekly a60937 c60937d60937 00104070aIIPAbIIPAd2018-07-19hVolume no: 39, Issue no: 22pAR61383r2018-07-19w2018-07-19yAR